| 000 | 00734cam a2200229 a 4500 | ||
|---|---|---|---|
| 001 | 3034456 | ||
| 005 | 20180313102917.0 | ||
| 008 | 950712s1996 nyua b 001 0 eng | ||
| 010 | _a 95035057 | ||
| 020 | _a0471598496 (cloth : alk. paper) | ||
| 040 |
_aDLC _cDLC _dDLC |
||
| 041 | _aeng | ||
| 080 | _a658.4012 DAV | ||
| 082 | 0 | 0 |
_a658.4012 DAV _220 |
| 100 | 1 | _a52 | |
| 101 | _aECO | ||
| 245 | 1 | 4 |
_aThe economics of strategy / _cDavid Besanko, David Dranove, Mark Shanley. |
| 504 | _aIncludes bibliographical references. | ||
| 906 |
_a7 _bcbc _corignew _d1 _eocip _f19 _gy-gencatlg |
||
| 942 |
_2ddc _cBK |
||
| 999 |
_c44934 _d44934 |
||